banner-ar

محمد صبرى / (Record no. 55184)

MARC details
000 -الفاتح
حقل البيانات ثابتة الطول 00646nam a2200181Ia 4500
005 - وقت وتاريخ اخر تعامل مع التسجيلة
رقم الضبط 20240530105341.0
008 - عناصر البيانات ثابتة الطول - معلومات عامة
حقل البيانات ثابتة الطول 140319s9999 xx 000 0 ara d
040 ## - مصدر الفهرسة
وكالة الفهرسة الأصلية GCL /
وكالة النسخ GCL
082 04 - رقم تصنيف ديوى العشرى
رقم التصنيف 759.962
رقم المادة هـ م
110 1# - المدخل الرئيسى - إسم هيئة
اسم الهيئة أو اسم السلطة كمدخل الهيئة العامة للاستعلامات
245 10 - بيان العنوان
العنوان محمد صبرى /
بيان المسئوليه,etc الهيئة العامة للاستعلامات
260 ## - PUBLICATION, DISTRIBUTION, ETC. (IMPRINT)
تاريخ النشر أو التوزيع 1986
490 ## - بيان السلسلة
عنوان السلسلة وصف مصر المعاصر من خلال الفنون التشكيلية
رقم المجلد/ التعيين التسلسلي 0
650 04 - المدخل الاضافى بالموضوع-مصطلح موضوعى
مصطلح موضوعي الفنون
650 04 - المدخل الاضافى بالموضوع-مصطلح موضوعى
مصطلح موضوعي الفنون التشكيلية
942 ## - عناصر المدخل الإضافي( كوها)
مصدر التصنيف او مخطط الترفيف Dewey Decimal Classification
Koha [default] item type كتاب
260 ## - PUBLICATION, DISTRIBUTION, ETC. (IMPRINT)
-- [S.N] :
-- الهيئة العامة للاستعلامات ،
Holdings
حالة التراجع حالة الفقد مصدر التصنيف او خطة الترفيف حالة تلف ليس للاعارة المكان المؤقت الموقع الحالى تاريخ الاكتساب اجمالي اﻻعارات رقم الطلب الباركود تاريخ اخر مشاهدة تاريخ تفعيل السعر نوع وعاء كوها موقع الترفيف
    ddc     مكتبة القاهرة الكبرى مكتبة القاهرة الكبرى 03/26/2014   759.962\هـ م 132583 03/26/2014 03/26/2014 كتاب  
    ddc     مكتبة القاهرة الكبرى مكتبة القاهرة الكبرى 03/26/2014   759.962\هـ م 132584 03/26/2014 03/26/2014 كتاب  
    ddc     مكتبة القاهرة الكبرى مكتبة القاهرة الكبرى 03/04/2019   759.962 هـ م 165660 03/04/2019 03/04/2019 كتاب  

Powered By

EGPV